000 00475nam a2200181Ia 4500
003 LK-CoDNM
008 010623t1968 xxu||||| |||| 00| 1 sin d
040 _aLK-CoDNM
_dLK-CoDNM
_eLK-CoDNM
041 _asin
080 _a133.52 EPA
100 _aEpa Senevirathna,Tissa
245 _aඈපා පඤචාංග ලිත
246 _aEpa Panchanga Litha
260 _bsaviya
_aColombo
_c1968
_c1980
300 _b64p,64p, cm
650 _aA Bounded Book
942 _cBK
999 _c107740
_d107740